000 00859cam a22002537a 4500
001 4929014
003 DO-SdBNP
005 20180215095646.0
007 4929014
008 950105s1997 dr 000 0 spa
010 _a
040 _aBPMSU
_cspa
_dBPMSU
050 0 0 _a
100 1 _aRueda, Manuel.
245 1 3 _aLa trinitaria blanca :
_bteatro /
_cManuel Rueda.
250 _a3a. edición
260 _a Santo Domingo :
_bLibrería La Trinitaria,
_c1997
300 _a119 p. ;
_c21 cm.
520 1 _a"La trama gira en torno a los prejuicios familiares y sociales de una mujer. Obra realista con un desarrollo profundo de los personajes y una acción dramática bien diseñada"--Handbook of Latin American Studies, v. 58.
_u
942 _2ddc
_cBK
945 _ainventariado, 2018 / dg
956 _2VMATEO
_310
_620160330
_8BPMSU
_a0069
999 _c9447
_d9447